[Event "23. Torneo San Viator"]
[Site "Madrid ESP"]
[Date "2014.11.23"]
[Round "9.16"]
[White "Luque Ibanez, Manuel"]
[Black "Sirera Ripoll, Jose"]
[Result "1-0"]
[WhiteElo "1994"]
[BlackElo "1761"]
[PlyCount "111"]
[EventDate "2014.09.28"]
[EventType "swiss"]
[EventRounds "9"]
[EventCountry "ESP"]
[SourceTitle "Ajedrez en Madrid"]
[Source "lmi"]
[SourceDate "2014.09.28"]
[SourceVersion "1"]
[SourceVersionDate "2014.12.18"]
[SourceQuality "1"]

1. e4 c5 2. c3 d6 3. d4 Nc6 4. Nf3 Nf6 5. d5 Ne5 6. Nxe5 dxe5 7. Bd3 g6 8. O-O
Bg7 9. Be3 Qc7 10. f3 O-O 11. Nd2 Ne8 12. Qb3 Nd6 13. a4 e6 14. c4 Rd8 15. a5
Bd7 16. Rfc1 h5 17. Qa3 b6 18. axb6 axb6 19. Qxa8 Rxa8 20. Rxa8+ Kh7 21. Rca1
Nc8 22. Rc1 Bh6 23. Bxh6 Kxh6 24. Nb1 Qb7 25. Ra3 Nd6 26. Nc3 Qc7 27. Rca1 Nc8
28. Bc2 f5 29. Ba4 fxe4 30. fxe4 h4 31. h3 Qd8 32. Bxd7 Qxd7 33. Ra8 exd5 34.
Nxd5 Qc6 35. Rb8 Kg5 36. Rf1 Qd7 37. b3 Nd6 38. Nf6 Qc7 39. Rh8 Qg7 40. Rh7
Qxf6 41. Rxf6 Kxf6 42. Rxh4 Kg5 43. Rg4+ Kh5 44. Kf2 b5 45. cxb5 Nxb5 46. Rg3
Nd4 47. Rc3 Ne6 48. g3 Kg5 49. Ke3 Kf6 50. h4 Kg7 51. Kd3 g5 52. hxg5 Kg6 53.
Kc4 Kxg5 54. Kd5 Kf6 55. Rxc5 Nxc5 56. Kxc5 1-0

[Event "23. Torneo San Viator"]
[Site "Madrid ESP"]
[Date "2014.11.23"]
[Round "9.17"]
[White "Martinez De Navascues, Francis"]
[Black "Luna Hermoso, Angel"]
[Result "1/2-1/2"]
[WhiteElo "1760"]
[BlackElo "1955"]
[PlyCount "103"]
[EventDate "2014.09.28"]
[EventType "swiss"]
[EventRounds "9"]
[EventCountry "ESP"]
[SourceTitle "Ajedrez en Madrid"]
[Source "lmi"]
[SourceDate "2014.09.28"]
[SourceVersion "1"]
[SourceVersionDate "2014.12.18"]
[SourceQuality "1"]

1. b3 d5 2. Bb2 Bf5 3. e3 Nf6 4. Nf3 c6 5. Nc3 Nbd7 6. Ne2 Bg4 7. Ne5 Nxe5 8.
Bxe5 Nd7 9. Bb2 e5 10. h3 Bh5 11. g4 Bg6 12. d3 h5 13. gxh5 Bxh5 14. Qd2 Qh4
15. Ng3 Bg6 16. O-O-O Bd6 17. e4 d4 18. Be2 a5 19. Rdg1 a4 20. Kb1 axb3 21.
axb3 Qe7 22. h4 Bb4 23. Qg5 Bc3 24. Qxe7+ Kxe7 25. h5 Bh7 26. h6 Bxb2 27. Kxb2
g5 28. Bg4 Nf6 29. Bf5 Bg6 30. Bxg6 fxg6 31. Nf1 g4 32. f3 gxf3 33. Rxg6 Rag8
34. Rxg8 Rxg8 35. Nh2 f2 36. Rf1 Rh8 37. Rxf2 Rxh6 38. Nf3 Ng4 39. Rg2 Ne3 40.
Rg7+ Kd6 41. Rxb7 Rf6 42. Nd2 Rf2 43. Nc4+ Ke6 44. Rc7 Nxc2 45. Rxc6+ Ke7 46.
Nxe5 Nb4+ 47. Ka3 Nxc6 48. Nxc6+ Kd6 49. Nxd4 Rd2 50. Nf5+ Ke5 51. Kb4 Rxd3 52.
Kc4 1/2-1/2

[Event "23. Torneo San Viator"]
[Site "Madrid ESP"]
[Date "2014.11.23"]
[Round "9.18"]
[White "Ruiz Sanchez, Roberto"]
[Black "Gil Calvente, Jose Antonio"]
[Result "0-1"]
[WhiteElo "1910"]
[BlackElo "1689"]
[PlyCount "110"]
[EventDate "2014.09.28"]
[EventType "swiss"]
[EventRounds "9"]
[EventCountry "ESP"]
[SourceTitle "Ajedrez en Madrid"]
[Source "lmi"]
[SourceDate "2014.09.28"]
[SourceVersion "1"]
[SourceVersionDate "2014.12.18"]
[SourceQuality "1"]

1. e4 e6 2. d4 d5 3. Nd2 Nf6 4. e5 Nfd7 5. Bd3 c5 6. c3 Nc6 7. Ne2 Qb6 8. Nf3
cxd4 9. cxd4 Be7 10. O-O O-O 11. Re1 f6 12. exf6 Nxf6 13. Nc3 a6 14. a3 Qc7 15.
Bg5 Bd6 16. Bh4 h6 17. Rc1 Ng4 18. Bg3 Bxg3 19. hxg3 Qf7 20. Bb1 Qh5 21. Qd3
Rxf3 22. Qh7+ Kf7 23. Bg6+ Qxg6 24. Qxg6+ Kxg6 25. gxf3 Nf6 26. Red1 Bd7 27. b4
Ne8 28. Rb1 Nd6 29. a4 Rc8 30. b5 axb5 31. Nxb5 Nc4 32. Kf1 b6 33. Ke2 Kf5 34.
f4 N6a5 35. Kf3 Nb7 36. g4+ Kf6 37. Kg3 Nbd6 38. Nxd6 Nxd6 39. Rxb6 Rc3+ 40.
Kg2 Ne4 41. f5 Rc2 42. fxe6 Rxf2+ 43. Kg1 Bxe6 44. Ra1 Rf4 45. a5 Rxg4+ 46. Kf1
Nd2+ 47. Ke1 Nc4 48. Rb8 Rxd4 49. a6 Bg4 50. Kf2 Rd2+ 51. Kg3 Ne5 52. a7 Rd3+
53. Kf2 Rd2+ 54. Kf1 Bh3+ 55. Kg1 Nf3+ 0-1

[Event "23. Torneo San Viator"]
[Site "Madrid ESP"]
[Date "2014.11.23"]
[Round "9.19"]
[White "Jimenez Gonzalez, Marcos"]
[Black "Soto Martin, Miguel"]
[Result "0-1"]
[WhiteElo "1887"]
[BlackElo "1658"]
[PlyCount "82"]
[EventDate "2014.09.28"]
[EventType "swiss"]
[EventRounds "9"]
[EventCountry "ESP"]
[SourceTitle "Ajedrez en Madrid"]
[Source "lmi"]
[SourceDate "2014.09.28"]
[SourceVersion "1"]
[SourceVersionDate "2014.12.18"]
[SourceQuality "1"]

1. d4 Nf6 2. c4 g6 3. g3 Bg7 4. Bg2 O-O 5. Nc3 d6 6. Nf3 Nbd7 7. O-O e5 8. d5
Ne8 9. Qc2 h6 10. e4 f5 11. Nh4 Qf6 12. b3 f4 13. Na4 Rf7 14. Bb2 Nf8 15. c5 g5
16. Nf5 Bxf5 17. exf5 Qxf5 18. Qxf5 Rxf5 19. Bh3 Rf7 20. cxd6 cxd6 21. Bc3 h5
22. f3 Nf6 23. Rad1 Rc7 24. Ba1 Rc2 25. Nc3 g4 26. Bg2 gxf3 27. Rxf3 Ng4 28.
gxf4 exf4 29. Bf1 Nxh2 30. Rh3 Ng4 31. Bd3 Bd4+ 32. Kh1 Nf2+ 33. Kg2 Nxd3+ 34.
Kf3 Bxc3 35. Rxd3 Bxa1 36. Kxf4 Be5+ 37. Kg5 Rg2+ 38. Kh6 Rg6+ 39. Kxh5 Kg7 40.
Rhf3 Ne6 41. Rf7+ Kxf7 0-1

[Event "23. Torneo San Viator"]
[Site "Madrid ESP"]
[Date "2014.11.23"]
[Round "9.20"]
[White "Uceda Martinez, Jacinto"]
[Black "Sierra Bermejo, Gregorio"]
[Result "1-0"]
[WhiteElo "1795"]
[BlackElo "1654"]
[PlyCount "151"]
[EventDate "2014.09.28"]
[EventType "swiss"]
[EventRounds "9"]
[EventCountry "ESP"]
[SourceTitle "Ajedrez en Madrid"]
[Source "lmi"]
[SourceDate "2014.09.28"]
[SourceVersion "1"]
[SourceVersionDate "2014.12.18"]
[SourceQuality "1"]

1. d4 Nf6 2. c4 e6 3. Nc3 b6 4. e4 d5 5. e5 Ng8 6. Nf3 Bb7 7. Be2 dxc4 8. Bg5
Be7 9. Be3 Nd7 10. Bxc4 h5 11. O-O Nh6 12. d5 exd5 13. Bxd5 Bxd5 14. Qxd5 Nc5
15. Qc6+ Kf8 16. Rad1 Qc8 17. Nd5 Nf5 18. Bxc5 Bxc5 19. Qxc7 Rh6 20. Ng5 Be7
21. Nf3 Rc6 22. Qxc8+ Raxc8 23. Rd2 Rc2 24. Nc3 Rxd2 25. Nxd2 Bb4 26. Rc1 Nd4
27. Kf1 Re8 28. f4 Nf5 29. Nf3 Bc5 30. g3 Rd8 31. Ne4 Be3 32. Re1 Rd3 33. Kg2
Ke7 34. Re2 Nd4 35. Nxd4 Bxd4 36. b3 a5 37. Rd2 Rxd2+ 38. Nxd2 f6 39. exf6+
gxf6 40. Kf3 f5 41. h3 b5 42. g4 hxg4+ 43. hxg4 fxg4+ 44. Kxg4 a4 45. Ne4 axb3
46. axb3 Ke6 47. Kf3 b4 48. Nd2 Kf5 49. Nc4 Bc5 50. Ne3+ Kf6 51. Ke4 Bf8 52.
Nd5+ Ke6 53. f5+ Kd7 54. Ke5 Kc6 55. f6 Kd7 56. Nb6+ Kc6 57. Nc4 Kd7 58. Kf5
Ke8 59. Ke6 Bc5 60. f7+ Kf8 61. Ne5 Kg7 62. Nd7 Bf8 63. Nf6 Kg6 64. Ne8 Kg5 65.
Nd6 Kf4 66. Kd5 Ke3 67. Nf5+ Kd3 68. Nd4 Kc3 69. Ne6 Be7 70. Nc5 Bf8 71. Kc6
Bg7 72. Kb5 Bf8 73. Nd7 Be7 74. Ka4 Kd4 75. f8=Q Bxf8 76. Nxf8 1-0

[Event "23. Torneo San Viator"]
[Site "Madrid ESP"]
[Date "2014.11.23"]
[Round "9.21"]
[White "Rodriguez Romero, Martin"]
[Black "Lopez Ramirez, Rafael"]
[Result "1-0"]
[WhiteElo "1422"]
[BlackElo "1780"]
[PlyCount "81"]
[EventDate "2014.09.28"]
[EventType "swiss"]
[EventRounds "9"]
[EventCountry "ESP"]
[SourceTitle "Ajedrez en Madrid"]
[Source "lmi"]
[SourceDate "2014.09.28"]
[SourceVersion "1"]
[SourceVersionDate "2014.12.18"]
[SourceQuality "1"]

1. e4 e6 2. d4 d5 3. e5 c5 4. c3 Qb6 5. Nf3 Nc6 6. Bd3 cxd4 7. cxd4 Bd7 8. Nc3
Nxd4 9. Nxd4 Qxd4 10. O-O Qb6 11. Qe2 a6 12. Kh1 Ne7 13. f4 g6 14. a4 Bg7 15.
g4 Bc6 16. f5 d4+ 17. Be4 dxc3 18. f6 Bf8 19. fxe7 Bxe7 20. bxc3 Bxe4+ 21. Qxe4
Qc6 22. Qxc6+ bxc6 23. Bh6 Bf8 24. Bg5 Bg7 25. Bf6 O-O 26. Be7 Rfe8 27. Bd6 Bf8
28. g5 Bxd6 29. exd6 Red8 30. Rfd1 Ra7 31. c4 c5 32. Rab1 Kf8 33. Rb6 a5 34.
Kg2 Ke8 35. Kf3 Kd7 36. Ke4 Rc8 37. Ke5 Rc6 38. Rdb1 Rc8 39. Rb7+ Rxb7 40.
Rxb7+ Ke8 41. d7+ 1-0

[Event "23. Torneo San Viator"]
[Site "Madrid ESP"]
[Date "2014.11.23"]
[Round "9.22"]
[White "Escribano Serrano, Pedro"]
[Black "Tevar Becerra, Alvaro"]
[Result "0-1"]
[WhiteElo "1771"]
[BlackElo "1556"]
[PlyCount "76"]
[EventDate "2014.09.28"]
[EventType "swiss"]
[EventRounds "9"]
[EventCountry "ESP"]
[SourceTitle "Ajedrez en Madrid"]
[Source "lmi"]
[SourceDate "2014.09.28"]
[SourceVersion "1"]
[SourceVersionDate "2014.12.18"]
[SourceQuality "1"]

1. d4 Nf6 2. Nf3 g6 3. Bg5 Bg7 4. Nbd2 O-O 5. e4 d6 6. Bd3 c5 7. c3 Bd7 8. O-O
Re8 9. Re1 Qc7 10. Nf1 c4 11. Bc2 e5 12. dxe5 dxe5 13. Qe2 Be6 14. Ne3 h6 15.
Bh4 Nbd7 16. Nd2 b5 17. a4 a6 18. Qf3 Qc6 19. Ra2 b4 20. cxb4 c3 21. Nb3 cxb2
22. Rxb2 Qc3 23. Rbb1 Qxb4 24. Bxf6 Nxf6 25. Nd5 Bxd5 26. exd5 e4 27. Qd1 Qd6
28. Nd2 Qxd5 29. Qe2 Qd4 30. Qe3 Qxe3 31. Rxe3 Nd5 32. Rxe4 Nc3 33. Rxe8+ Rxe8
34. Ra1 Ne2+ 35. Kf1 Bxa1 36. Bd3 Nf4 37. Bxa6 Bc3 38. Bb5 Rd8 0-1

[Event "23. Torneo San Viator"]
[Site "Madrid ESP"]
[Date "2014.11.23"]
[Round "9.24"]
[White "Blanco Ruiz, Cesar"]
[Black "Vazquez Gonzalez, Francisco"]
[Result "1-0"]
[WhiteElo "1657"]
[BlackElo "1975"]
[PlyCount "95"]
[EventDate "2014.09.28"]
[EventType "swiss"]
[EventRounds "9"]
[EventCountry "ESP"]
[SourceTitle "Ajedrez en Madrid"]
[Source "lmi"]
[SourceDate "2014.09.28"]
[SourceVersion "1"]
[SourceVersionDate "2014.12.18"]
[SourceQuality "1"]

1. d4 d5 2. Bg5 Nf6 3. Bxf6 exf6 4. e3 Be6 5. Ne2 Bd6 6. g3 O-O 7. Bg2 c6 8.
Nd2 Nd7 9. O-O Rc8 10. Nf4 f5 11. c4 Bxf4 12. gxf4 dxc4 13. Qe2 Nb6 14. Rfc1
Re8 15. a4 a5 16. Qh5 g6 17. Qh6 Qe7 18. h4 Qf8 19. Qg5 Qe7 20. Qh6 Qf8 21. Qg5
h6 22. Qg3 Kh7 23. h5 Qg7 24. hxg6+ fxg6 25. Rd1 Re7 26. Nf3 Nd7 27. Bf1 Nf6
28. Qh4 Ne4 29. Ne5 g5 30. fxg5 Nxg5 31. Kh2 Qxe5+ 32. dxe5 Nf3+ 33. Kg3 Nxh4
34. Kxh4 Bd5 35. f4 Rg8 36. Bh3 Be6 37. Rd6 Rf8 38. e4 Bc8 39. Kh5 fxe4 40.
Bxc8 Rxc8 41. Rg1 Rg7 42. Rxh6+ Kg8 43. Rhg6 Rxg6 44. Kxg6 e3 45. Re1 b5 46.
Rxe3 Rd8 47. e6 Kf8 48. e7+ 1-0

[Event "23. Torneo San Viator"]
[Site "Madrid ESP"]
[Date "2014.11.23"]
[Round "9.25"]
[White "Manso Santamaria, Juan Carlos"]
[Black "Barahona Torrijos, Angel"]
[Result "1-0"]
[WhiteElo "1647"]
[BlackElo "1845"]
[PlyCount "87"]
[EventDate "2014.09.28"]
[EventType "swiss"]
[EventRounds "9"]
[EventCountry "ESP"]
[SourceTitle "Ajedrez en Madrid"]
[Source "lmi"]
[SourceDate "2014.09.28"]
[SourceVersion "1"]
[SourceVersionDate "2014.12.18"]
[SourceQuality "1"]

1. e4 e5 2. Nf3 Nc6 3. Nc3 Nf6 4. Nxe5 Nxe5 5. d4 Bb4 6. dxe5 Bxc3+ 7. bxc3
Nxe4 8. Qd4 Ng5 9. Ba3 Ne6 10. Qe3 Qg5 11. Qxg5 Nxg5 12. Bd3 b6 13. f4 Ne6 14.
Be4 Rb8 15. O-O c5 16. Rad1 O-O 17. Bc1 f5 18. exf6 gxf6 19. Rf3 Bb7 20. Rg3+
Kh8 21. Bf5 Rf7 22. Rd6 Nf8 23. Rgd3 Rg7 24. g3 Re8 25. Kf2 Bc6 26. Rxf6 Rge7
27. Bg4 Ba4 28. Rd2 Ne6 29. Re2 Kg7 30. Rf5 Bb5 31. Re1 Bc4 32. Rfe5 Kf6 33. h4
d6 34. Rh5 Nc7 35. Rh6+ Kg7 36. Rxe7+ Rxe7 37. Rxd6 Bxa2 38. c4 Bxc4 39. Bb2+
Kf8 40. Be5 Be6 41. Bh5 Bf7 42. Rd8+ Re8 43. Bd6+ Kg7 44. Rd7 1-0

[Event "23. Torneo San Viator"]
[Site "Madrid ESP"]
[Date "2014.11.23"]
[Round "9.26"]
[White "Rodriguez Valero, Martin"]
[Black "Algaba Traspuesto, Jose Antoni"]
[Result "1-0"]
[WhiteElo "1814"]
[BlackElo "1691"]
[PlyCount "109"]
[EventDate "2014.09.28"]
[EventType "swiss"]
[EventRounds "9"]
[EventCountry "ESP"]
[SourceTitle "Ajedrez en Madrid"]
[Source "lmi"]
[SourceDate "2014.09.28"]
[SourceVersion "1"]
[SourceVersionDate "2014.12.18"]
[SourceQuality "1"]

1. e4 e6 2. d4 d5 3. e5 c5 4. c3 Qb6 5. Nf3 Bd7 6. Bd3 cxd4 7. Nxd4 Nc6 8. Nxc6
Bxc6 9. Qe2 Ne7 10. O-O Ng6 11. b4 a6 12. Be3 Qc7 13. f4 b5 14. Nd2 Be7 15. Nb3
O-O 16. Kh1 f5 17. Nc5 Bd7 18. a4 Bxc5 19. Bxc5 Rfc8 20. axb5 Bxb5 21. Bxb5
axb5 22. Rxa8 Rxa8 23. Qxb5 Rb8 24. Qa6 Qd7 25. Qd6 Qe8 26. g3 Ra8 27. Kg2 h5
28. Qb6 h4 29. Rf2 Kh7 30. Kf3 h3 31. Ke3 Qc8 32. Qb5 Ra1 33. Qe2 Kh6 34. Rf1
Qa8 35. Rxa1 Qxa1 36. Bd4 Qc1+ 37. Qd2 Qg1+ 38. Qf2 Qc1+ 39. Kd3 Qb1+ 40. Qc2
Qf1+ 41. Qe2 Qb1+ 42. Ke3 Qg1+ 43. Kd2 Qb1 44. Qd1 Qe4 45. Qf1 Qg2+ 46. Qxg2
hxg2 47. Ke2 Kh5 48. Kf2 g1=Q+ 49. Kxg1 Ne7 50. Kg2 g5 51. Kf3 gxf4 52. Kxf4
Ng6+ 53. Kf3 Kg5 54. b5 Ne7 55. Bc5 1-0

[Event "23. Torneo San Viator"]
[Site "Madrid ESP"]
[Date "2014.11.23"]
[Round "9.27"]
[White "Tevar Sanz, Gonzalo"]
[Black "Benitez Cadenas, Luis Miguel"]
[Result "0-1"]
[WhiteElo "1773"]
[BlackElo "1638"]
[PlyCount "140"]
[EventDate "2014.09.28"]
[EventType "swiss"]
[EventRounds "9"]
[EventCountry "ESP"]
[SourceTitle "Ajedrez en Madrid"]
[Source "lmi"]
[SourceDate "2014.09.28"]
[SourceVersion "1"]
[SourceVersionDate "2014.12.18"]
[SourceQuality "1"]

1. d4 Nf6 2. Bf4 d5 3. e3 Bf5 4. Nf3 e6 5. Ne5 Nfd7 6. Nd2 Nxe5 7. Bxe5 Nd7 8.
Bf4 c5 9. c3 a6 10. a4 Qb6 11. Qb3 Qc6 12. Be2 Bd6 13. Bxd6 Qxd6 14. O-O c4 15.
Qa3 Qxa3 16. Rxa3 Ke7 17. a5 b5 18. axb6 Nxb6 19. Rfa1 Rhb8 20. Rxa6 Rxa6 21.
Rxa6 Bc2 22. Ra2 Na4 23. e4 Rxb2 24. Rxb2 Nxb2 25. exd5 exd5 26. Bf3 Kd6 27.
Nf1 Bd1 28. Ne3 Bxf3 29. gxf3 g6 30. Kf1 Nd3 31. Ke2 Nf4+ 32. Kd2 h5 33. Nf1
Ke6 34. Ke3 Ng2+ 35. Ke2 f5 36. Ne3 Nf4+ 37. Kd2 Kf6 38. Nf1 Kg5 39. Ke3 Ng2+
40. Ke2 Kh4 41. Ne3 Nf4+ 42. Kf1 Kh3 43. Nc2 Kxh2 44. Nb4 Kh3 45. Nc6 Kh4 46.
Kg1 Ne2+ 47. Kg2 Nxc3 48. Ne7 Kg5 49. f4+ Kxf4 50. Nxg6+ Kg5 51. Ne5 Ne2 52.
f4+ Nxf4+ 53. Kf3 Nd3 54. Nf7+ Kf6 55. Nd6 h4 56. Nb5 Kg5 57. Nc3 Nf4 58. Ne2
Ne6 59. Nc3 Nxd4+ 60. Kg2 Kg4 61. Nxd5 f4 62. Kh2 Ne2 63. Nb4 f3 64. Nc2 c3 65.
Kh1 Kg3 66. Ne3 h3 67. Nf1+ Kf4 68. Kh2 c2 69. Kh1 c1=Q 70. Kh2 Qe1 0-1

[Event "23. Torneo San Viator"]
[Site "Madrid ESP"]
[Date "2014.11.23"]
[Round "9.28"]
[White "Callejas Torres, Alejandro"]
[Black "Sahuquillo Cruz, Alejandro"]
[Result "1/2-1/2"]
[WhiteElo "1638"]
[BlackElo "1766"]
[PlyCount "135"]
[EventDate "2014.09.28"]
[EventType "swiss"]
[EventRounds "9"]
[EventCountry "ESP"]
[SourceTitle "Ajedrez en Madrid"]
[Source "lmi"]
[SourceDate "2014.09.28"]
[SourceVersion "1"]
[SourceVersionDate "2014.12.18"]
[SourceQuality "1"]

1. d4 Nf6 2. Nf3 g6 3. e3 Bg7 4. c4 d6 5. Nc3 O-O 6. h3 Nbd7 7. Bd3 e5 8. d5
Nc5 9. Bc2 a5 10. e4 Qe7 11. Be3 Na6 12. a3 Nh5 13. Ne2 Kh8 14. O-O b6 15. Qd2
Bd7 16. Bh6 Bxh6 17. Qxh6 Qf6 18. Ng5 Qg7 19. Qxg7+ Kxg7 20. Nc3 h6 21. Nf3 Nf6
22. Rfe1 Rfb8 23. Nd2 Kf8 24. Reb1 Ke7 25. b4 Ra7 26. Ra2 Rab7 27. b5 Nc5 28.
Nb3 Nxb3 29. Rxb3 Rf8 30. Ne2 Rbb8 31. a4 Rbe8 32. Ng3 Bc8 33. Rf3 Nh7 34. Re3
Rg8 35. Ne2 g5 36. g4 Nf6 37. Rg3 Rh8 38. Nc3 Reg8 39. f3 h5 40. Bd1 Rg7 41.
Rh2 Rgh7 42. Rgg2 Nd7 43. Bc2 Nc5 44. Nb1 Kf6 45. Nc3 Nd7 46. Bd1 Nf8 47. Ne2
Ng6 48. Ng3 Nf4 49. Rd2 Bd7 50. Nf1 Kg6 51. Ng3 Bc8 52. Nf1 Bd7 53. Ng3 Kf6 54.
Nf1 Rh6 55. Ne3 Kg6 56. Nf1 Kf6 57. Ne3 hxg4 58. hxg4 Rh4 59. Rxh4 gxh4 60. Rh2
Kg5 61. Kf2 f6 62. Bc2 Rh6 63. Ng2 Nxg2 64. Kxg2 Kf4 65. Kf2 Be8 66. Bd1 Bg6
67. Bc2 Kg5 68. Rh3 1/2-1/2

[Event "23. Torneo San Viator"]
[Site "Madrid ESP"]
[Date "2014.11.23"]
[Round "9.29"]
[White "Alonso Penalver, Angel"]
[Black "Blanco Diez, David"]
[Result "1-0"]
[WhiteElo "1716"]
[BlackElo "1506"]
[PlyCount "91"]
[EventDate "2014.09.28"]
[EventType "swiss"]
[EventRounds "9"]
[EventCountry "ESP"]
[SourceTitle "Ajedrez en Madrid"]
[Source "lmi"]
[SourceDate "2014.09.28"]
[SourceVersion "1"]
[SourceVersionDate "2014.12.18"]
[SourceQuality "1"]

1. e4 e5 2. Nf3 Nf6 3. Bb5 a6 4. Ba4 Nc6 5. d3 b5 6. Bb3 Be7 7. c3 O-O 8. O-O
d6 9. h3 Na5 10. Bc2 c5 11. Re1 h6 12. Nbd2 Be6 13. Nf1 Qc7 14. Ng3 Rfe8 15.
Be3 Rac8 16. Nf5 Bxf5 17. exf5 Bf8 18. a4 b4 19. Rc1 Nd5 20. Bd2 Rb8 21. Nh2 b3
22. Bb1 Qd7 23. Qf3 Nb6 24. Re4 Nxa4 25. Qg3 Kh8 26. Ng4 Nxb2 27. Bxh6 Qxf5 28.
Bd2 d5 29. Rxe5 Rxe5 30. Nxe5 d4 31. cxd4 cxd4 32. Bxa5 Rb5 33. Bc7 a5 34. Qh4+
Kg8 35. Qxd4 Ba3 36. Rf1 Rb4 37. Qd8+ Kh7 38. d4 Qxb1 39. Rxb1 a4 40. Nxf7 Nc4
41. Qh8+ Kg6 42. Ne5+ Nxe5 43. Bxe5 b2 44. Qxg7+ Kf5 45. Qf6+ Ke4 46. Qf3# 1-0

[Event "23. Torneo San Viator"]
[Site "Madrid ESP"]
[Date "2014.11.23"]
[Round "9.31"]
[White "Castro Uceda, Jose Antonio"]
[Black "Perez Sempere, Alberto"]
[Result "1-0"]
[WhiteElo "1582"]
[BlackElo "1845"]
[PlyCount "147"]
[EventDate "2014.09.28"]
[EventType "swiss"]
[EventRounds "9"]
[EventCountry "ESP"]
[SourceTitle "Ajedrez en Madrid"]
[Source "lmi"]
[SourceDate "2014.09.28"]
[SourceVersion "1"]
[SourceVersionDate "2014.12.18"]
[SourceQuality "1"]

1. e4 c5 2. d4 cxd4 3. Qxd4 Nc6 4. Qd1 Nf6 5. Bd3 g6 6. Nf3 Qc7 7. O-O Bg7 8.
c3 O-O 9. Bg5 h6 10. Bh4 d6 11. Bxf6 Bxf6 12. h3 Be6 13. Na3 a6 14. Qd2 Kg7 15.
Nc4 Rfd8 16. Ne3 d5 17. Nxd5 Bxd5 18. exd5 Rxd5 19. Qc2 Rc8 20. Rac1 Rc5 21.
Qa4 Qb6 22. Qb3 Qc7 23. Qa4 Rd8 24. Bb1 Nd4 25. Nxd4 Rxd4 26. Qc2 Rd6 27. Rcd1
Rdc6 28. Rd3 b5 29. Qd2 a5 30. Rd7 Qb6 31. Be4 Rc7 32. Rd8 e6 33. Rd7 b4 34.
cxb4 Qxb4 35. Qxb4 axb4 36. Rxc7 Rxc7 37. Rb1 Ra7 38. a3 bxa3 39. bxa3 Rxa3 40.
Rb7 Ra1+ 41. Bb1 Bd4 42. Kf1 Kf6 43. Ke2 Ra3 44. f3 h5 45. Rd7 Bg1 46. g4 hxg4
47. hxg4 Re3+ 48. Kf1 Bh2 49. Kf2 Bf4 50. Rb7 Rc3 51. Be4 Ra3 52. Bc6 Ra2+ 53.
Kf1 Rh2 54. Be8 Rh7 55. Ke2 g5 56. Kd3 Bd6 57. Ke4 Be7 58. f4 Rg7 59. f5 exf5+
60. gxf5 g4 61. Rb6+ Kg5 62. Rb1 f6 63. Rh1 g3 64. Bg6 Rxg6 65. fxg6 Kxg6 66.
Rg1 f5+ 67. Ke5 Bd6+ 68. Kxd6 f4 69. Ke5 Kg5 70. Ke4 Kg4 71. Rf1 g2 72. Rxf4+
Kg5 73. Rf8 Kh4 74. Kf4 1-0

[Event "23. Torneo San Viator"]
[Site "Madrid ESP"]
[Date "2014.11.23"]
[Round "9.32"]
[White "Del Noval Nemeshazi, Nesztor"]
[Black "Corral Sanchez, Jesus"]
[Result "0-1"]
[WhiteElo "1686"]
[BlackElo "1605"]
[PlyCount "120"]
[EventDate "2014.09.28"]
[EventType "swiss"]
[EventRounds "9"]
[EventCountry "ESP"]
[SourceTitle "Ajedrez en Madrid"]
[Source "lmi"]
[SourceDate "2014.09.28"]
[SourceVersion "1"]
[SourceVersionDate "2014.12.18"]
[SourceQuality "1"]

1. e4 c5 2. Nf3 d6 3. d4 cxd4 4. Nxd4 Nf6 5. Nc3 a6 6. Bg5 e6 7. f4 Be7 8. Qf3
Nc6 9. Nxc6 bxc6 10. O-O-O Qc7 11. Bd3 O-O 12. g4 Bb7 13. h4 c5 14. Ne2 c4 15.
Bxf6 Bxf6 16. g5 Be7 17. f5 cxd3 18. Rxd3 exf5 19. Qxf5 Bc8 20. Qf3 Rb8 21. Qg3
Be6 22. Nf4 Qb7 23. b3 a5 24. Rhd1 a4 25. e5 d5 26. g6 hxg6 27. h5 g5 28. h6 g6
29. Nh3 axb3 30. Rxb3 Qa7 31. Nxg5 Rxb3 32. Nxe6 Qe3+ 33. Qxe3 Rxe3 34. Nxf8
Bxf8 35. Rxd5 Bxh6 36. Kb2 g5 37. a4 Bg7 38. Rd8+ Kh7 39. Kc1 Rxe5 40. Rd3 g4
41. Kd1 Kg6 42. c4 Rg5 43. a5 Rxa5 44. Ke2 Ra4 45. c5 Rc4 46. Rd6+ Kg5 47. Rc6
Bd4 48. Rc7 f5 49. c6 Bb6 50. Rc8 Kf4 51. Ra8 Rxc6 52. Ra4+ Kg5 53. Kf1 Rc2 54.
Rb4 Be3 55. Rb3 f4 56. Rb5+ Kh4 57. Rb8 Kg3 58. Re8 Kf3 59. Rxe3+ Kxe3 60. Kg1
Rc1+ 0-1

[Event "23. Torneo San Viator"]
[Site "Madrid ESP"]
[Date "2014.11.23"]
[Round "9.34"]
[White "Mateos Cordero, Francisco"]
[Black "Rendo Quindos, Pedro"]
[Result "1/2-1/2"]
[WhiteElo "1611"]
[BlackElo "1657"]
[PlyCount "102"]
[EventDate "2014.09.28"]
[EventType "swiss"]
[EventRounds "9"]
[EventCountry "ESP"]
[SourceTitle "Ajedrez en Madrid"]
[Source "lmi"]
[SourceDate "2014.09.28"]
[SourceVersion "1"]
[SourceVersionDate "2014.12.18"]
[SourceQuality "1"]

1. d4 Nf6 2. c4 g6 3. Nf3 Bg7 4. Nc3 O-O 5. Bf4 d6 6. e3 Nh5 7. Bg5 Nf6 8. Bd3
c5 9. a4 Nc6 10. O-O Nb4 11. Bxf6 Bxf6 12. Nd5 Nxd5 13. cxd5 cxd4 14. Nxd4 Bxd4
15. exd4 Qb6 16. h4 h5 17. Be4 Qxb2 18. Qd3 f5 19. Bf3 Qb6 20. Rfe1 Re8 21. Qe3
e5 22. dxe6 Bxe6 23. Qg5 Bf7 24. Bxh5 Kg7 25. d5 Qd4 26. Bf3 Re5 27. Rad1 Rxe1+
28. Rxe1 Re8 29. Rxe8 Bxe8 30. Qe7+ Bf7 31. h5 Qa1+ 32. Kh2 Qe5+ 33. Qxe5+ dxe5
34. hxg6 Kxg6 35. d6 Be8 36. Bxb7 Kf6 37. Bc8 Bxa4 38. Kg1 f4 39. Kf1 a5 40.
Ke1 Bc6 41. g3 f3 42. Kd2 a4 43. g4 a3 44. Kc3 Bd5 45. g5+ Kf7 46. g6+ Ke8 47.
g7 a2 48. Kb2 e4 49. Bb7 Bg8 50. Bxe4 Kd7 51. Bxf3 Kxd6 1/2-1/2

[Event "23. Torneo San Viator"]
[Site "Madrid ESP"]
[Date "2014.11.23"]
[Round "9.35"]
[White "Mejias Gonzalez, Pedro"]
[Black "Garcia Rojas, Juan Carlos"]
[Result "1-0"]
[WhiteElo "1632"]
[BlackElo "1562"]
[PlyCount "73"]
[EventDate "2014.09.28"]
[EventType "swiss"]
[EventRounds "9"]
[EventCountry "ESP"]
[SourceTitle "Ajedrez en Madrid"]
[Source "lmi"]
[SourceDate "2014.09.28"]
[SourceVersion "1"]
[SourceVersionDate "2014.12.18"]
[SourceQuality "1"]

1. e4 e5 2. Nf3 Nc6 3. Bc4 Be7 4. O-O Nf6 5. Nc3 O-O 6. d3 d6 7. h3 Nd4 8. Nxd4
exd4 9. Ne2 c5 10. c3 dxc3 11. Nxc3 Be6 12. Qb3 Bxc4 13. Qxc4 Nd7 14. Nd5 Ne5
15. Nxe7+ Qxe7 16. Qd5 Qd7 17. f4 Nc6 18. a3 Ne7 19. Qg5 f5 20. Bd2 Rf6 21. Qg3
d5 22. e5 Rg6 23. Qf3 Nc6 24. Be3 d4 25. Bd2 Rd8 26. Rfe1 Re8 27. b4 b6 28.
bxc5 bxc5 29. Rab1 Rb8 30. Rxb8+ Nxb8 31. Qa8 Rb6 32. e6 Qe8 33. Qd5 Qe7 34.
Ba5 Rb2 35. Bd8 Qb7 36. e7+ Qxd5 37. e8=Q# 1-0